| 000 | 00813nam a2200253Ia 4500 | ||
|---|---|---|---|
| 001 | 3057 | ||
| 003 | GE_BSU | ||
| 008 | 181216s||||||||xx |||||||||||||| ||und|| | ||
| 020 | _a5868941640 | ||
| 040 | _cGE_BSU | ||
| 080 | _a378(043)(047) | ||
| 100 | _aКузин Ф.А. | ||
| 245 | _aМагистерская диссертация | ||
| 245 | _bметодика написания, правила оформления и порядок защиты. практическое пособие для студентов | ||
| 260 | _aМосква | ||
| 260 | _bОсь-89 | ||
| 260 | _c1997 | ||
| 300 | _a340 с. 21см. | ||
| 541 | _h6 л. 10 т. | ||
| 653 | _aметодика написания | ||
| 653 | _aпорядок защиты | ||
| 653 | _aправила оформления | ||
| 942 | _cBK | ||
| 999 |
_c37101 _d37101 |
||